[Event "Twente Young Masters"]
[Site "Enschede NED"]
[Date "2010.08.09"]
[Round "1"]
[White "Kravtsiv,M"]
[Black "Van Assendelft,F"]
[Result "1-0"]
[WhiteElo "2559"]
[BlackElo "2374"]
[EventDate "2010.08.09"]

1. e4 c5 2. Nf3 e6 3. d4 cxd4 4. Nxd4 a6 5. Bd3 Bc5 6. Nb3 Be7 7. O-O d6 8.
Nc3 Nf6 9. f4 Qc7 10. Qf3 Nbd7 11. Bd2 b5 12. Rae1 Bb7 13. Qh3 b4 14. Nd1
g6 15. Nf2 d5 16. e5 Ne4 17. Nxe4 dxe4 18. Bxe4 Bxe4 19. Rxe4 Qxc2 20. Qf3
Nb6 21. Rc1 Qxb2 22. Re2 Nd5 23. Bxb4 Qxc1+ 24. Nxc1 Bxb4 25. Nd3 Bc3 26.
h3 Rb8 27. Kh2 Rb1 28. f5 O-O 29. fxe6 fxe6 30. Qg4 Rf5 31. Qc4 Kg7 32. Nc5
Bxe5+ 33. Rxe5 Rxe5 34. Qd4 Rbe1 35. Nd3 R1e4 36. Qa1 Kf6 37. Nxe5 Rxe5 38.
Qf1+ Kg5 39. Qxa6 Nf4 40. a4 Re2 41. Qc6 e5 42. a5 Ra2 43. a6 Kf5 44. Qb7
1-0

[Event "Twente Young Masters"]
[Site "Enschede NED"]
[Date "2010.08.09"]
[Round "1"]
[White "Iotov,V"]
[Black "Popilski,G"]
[Result "1-0"]
[WhiteElo "2581"]
[BlackElo "2451"]
[EventDate "2010.08.09"]

1. d4 Nf6 2. c4 g6 3. Nc3 d5 4. Bg5 Ne4 5. Bh4 Nxc3 6. bxc3 dxc4 7. e3 Be6
8. Be2 Bg7 9. Nf3 Nd7 10. O-O Nb6 11. e4 O-O 12. a4 a5 13. Qc2 c6 14. Rab1
Bg4 15. Qa2 c5 16. dxc5 Nd7 17. Rxb7 Qc8 18. Rb5 Nxc5 19. Qxc4 Ne6 20. Bxe7
Bxf3 21. Qxc8 Rfxc8 22. Bxf3 Rc4 23. e5 Re8 24. Bd6 Rxa4 25. Bd5 Nf4 26.
Bc6 Rc8 27. Bd7 Rd8 28. Be7 Ra8 29. Rfb1 Bf8 30. g3 Ra2 31. Bd6 Rd8 32. Bg4
Bxd6 33. exd6 Ne6 34. Bxe6 fxe6 35. Rb8 1-0

[Event "Twente Young Masters"]
[Site "Enschede NED"]
[Date "2010.08.09"]
[Round "1"]
[White "Miedema,David"]
[Black "Van Kampen,R"]
[Result "0-1"]
[WhiteElo "2414"]
[BlackElo "2422"]
[EventDate "2010.08.09"]

1. d4 Nf6 2. c4 g6 3. Nc3 Bg7 4. e4 d6 5. Be2 O-O 6. Nf3 e5 7. O-O Nc6 8.
d5 Ne7 9. Ne1 Nd7 10. Nd3 f5 11. Bd2 Kh8 12. Rc1 fxe4 13. Nxe4 Nf5 14. Bg4
Nf6 15. Nxf6 Qxf6 16. c5 e4 17. Bc3 Qg5 18. Bxg7+ Nxg7 19. Bxc8 Raxc8 20.
Nb4 e3 21. cxd6 Rxf2 22. Rxf2 exf2+ 23. Kf1 Re8 24. Nd3 Nf5 25. Qf3 Qd2 26.
d7 Rd8 27. Qxf2 Qxd3+ 28. Kg1 Rxd7 29. g4 Qe3 30. Rd1 Qxf2+ 31. Kxf2 Ne7
0-1

[Event "Twente Young Masters"]
[Site "Enschede NED"]
[Date "2010.08.10"]
[Round "2"]
[White "Kleijn,C"]
[Black "Miedema,David"]
[Result "1-0"]
[WhiteElo "2424"]
[BlackElo "2414"]
[EventDate "2010.08.09"]

1. e4 e6 2. d4 d5 3. Nc3 Bb4 4. e5 Ne7 5. a3 Bxc3+ 6. bxc3 c5 7. Qg4 O-O 8.
Bd3 Nbc6 9. Bg5 Qa5 10. Ne2 b6 11. h4 Ba6 12. Bf6 Ng6 13. h5 Bxd3 14. cxd3
Nxd4 15. hxg6 fxg6 16. Kf1 Nf5 17. Qh3 h5 18. g4 hxg4 19. Qxg4 Kf7 20. Nf4
Qxc3 21. Qxg6+ Kg8 22. Re1 1-0

[Event "Twente Young Masters"]
[Site "Enschede NED"]
[Date "2010.08.10"]
[Round "2"]
[White "Popilski,G"]
[Black "Kravtsiv,M"]
[Result "1-0"]
[WhiteElo "2451"]
[BlackElo "2559"]
[EventDate "2010.08.09"]

1. e4 e5 2. Nf3 Nc6 3. Bb5 a6 4. Ba4 Nf6 5. O-O Be7 6. Re1 b5 7. Bb3 d6 8.
c3 O-O 9. h3 Na5 10. Bc2 c5 11. d4 Nd7 12. Kh1 Re8 13. d5 Nf8 14. Nbd2 Ng6
15. b4 Nb7 16. a4 Bd7 17. a5 Rc8 18. Nf1 Nh4 19. Ne3 Nxf3 20. Qxf3 Bg5 21.
Bd3 Qe7 22. Nf5 Bxf5 23. exf5 Bxc1 24. Raxc1 Qg5 25. Rcd1 c4 26. Bc2 Qf4
27. Qxf4 exf4 28. g3 fxg3 29. f4 f6 30. Re6 Kf8 31. Rde1 Rxe6 32. fxe6 g6
33. f5 Kg7 34. Kg2 Re8 35. Kxg3 Nd8 36. fxg6 hxg6 37. Rg1 f5 38. h4 Kf6 39.
h5 gxh5 40. Kf4 Nxe6+ 41. dxe6 Rxe6 42. Bxf5 Re2 43. Rg6+ Ke7 44. Be4 Re1
45. Bb7 1-0

[Event "Twente Young Masters"]
[Site "Enschede NED"]
[Date "2010.08.10"]
[Round "2"]
[White "Van Assendelft,F"]
[Black "Maenhout,T"]
[Result "1/2-1/2"]
[WhiteElo "2374"]
[BlackElo "2363"]
[EventDate "2010.08.09"]

1. e4 c5 2. Nf3 d6 3. d4 cxd4 4. Nxd4 Nf6 5. Nc3 a6 6. Bg5 e6 7. f4 Be7 8.
Qf3 Qc7 9. O-O-O Nbd7 10. g4 b5 11. Bxf6 Nxf6 12. g5 Nd7 13. f5 Bxg5+ 14.
Kb1 O-O 15. fxe6 Nb6 16. Nd5 Nxd5 17. exd5 Bf6 18. Bd3 fxe6 19. Nxe6 Bxe6
20. dxe6 Be5 21. Qe4 g6 22. Rhf1 Rae8 23. h4 Rxf1 24. Rxf1 Qc8 25. h5 Rxe6
26. hxg6 hxg6 27. Rg1 Qe8 28. Rxg6+ 1/2-1/2

[Event "Twente Young Masters"]
[Site "Enschede NED"]
[Date "2010.08.10"]
[Round "2"]
[White "Van Kampen,R"]
[Black "Iotov,V"]
[Result "0-1"]
[WhiteElo "2422"]
[BlackElo "2581"]
[EventDate "2010.08.09"]

1. e4 c6 2. d4 d5 3. e5 c5 4. Ne2 Nc6 5. c3 cxd4 6. cxd4 Bf5 7. Nbc3 e6 8.
Ng3 Bg6 9. Be3 f6 10. f4 Nh6 11. Be2 Be7 12. O-O O-O 13. Qd2 Qd7 14. Kh1
Rac8 15. Bg1 Na5 16. Bb5 Qd8 17. Qe2 Nc4 18. exf6 Rxf6 19. Nce4 Bxe4 20.
Nxe4 Rg6 21. Nc5 Bxc5 22. dxc5 Nf5 23. b3 a6 24. Bxc4 dxc4 25. Qxc4 Qe8 26.
Rae1 Rd8 27. Qe2 Qc6 28. Qf3 Qxf3 29. gxf3 Rd2 30. Rf2 Rd3 31. Rc2 Nh4 32.
c6 bxc6 33. Rxc6 Nxf3 34. Rf1 Rxg1+ 35. Rxg1 Rd2 36. Rc8+ Kf7 37. Rc7+ Kf6
0-1

[Event "Twente Young Masters"]
[Site "Enschede NED"]
[Date "2010.08.10"]
[Round "3"]
[White "Iotov,V"]
[Black "Kleijn,C"]
[Result "1-0"]
[WhiteElo "2581"]
[BlackElo "2424"]
[EventDate "2010.08.09"]

1. d4 d5 2. Nf3 Nf6 3. c4 c6 4. Nc3 dxc4 5. a4 Bf5 6. Nh4 e6 7. Nxf5 exf5
8. e3 Bd6 9. Bxc4 O-O 10. h3 Nbd7 11. Qf3 Qa5 12. Bd2 Bb4 13. g4 fxg4 14.
hxg4 Rfe8 15. O-O-O b5 16. Bd3 g6 17. g5 Bxc3 18. Bxc3 b4 19. gxf6 bxc3 20.
Bxg6 hxg6 21. Qf4 cxb2+ 22. Kb1 Nxf6 23. Qxf6 Qf5+ 24. Qxf5 gxf5 25. Rdg1+
Kf8 26. Rg5 f4 27. Rh8+ Ke7 28. Re5+ Kd7 29. Rhxe8 Rxe8 30. Rxe8 Kxe8 31.
e4 f5 32. e5 Ke7 33. Kxb2 Ke6 34. Kc3 Kd5 35. Kb4 f3 36. Ka5 c5 37. e6 Kxe6
38. dxc5 Kd7 39. Kb5 Kc7 40. Kc4 Kc6 41. Kd4 Kc7 42. Kd5 Kd7 43. c6+ 1-0

[Event "Twente Young Masters"]
[Site "Enschede NED"]
[Date "2010.08.10"]
[Round "3"]
[White "Kravtsiv,M"]
[Black "Van Kampen,R"]
[Result "1/2-1/2"]
[WhiteElo "2559"]
[BlackElo "2422"]
[EventDate "2010.08.09"]

1. e4 c5 2. Nf3 d6 3. d4 cxd4 4. Nxd4 Nf6 5. Nc3 a6 6. Be2 e5 7. Nb3 Be7 8.
O-O O-O 9. Kh1 Nc6 10. f4 b5 11. Bf3 Bb7 12. a4 Na5 13. Nxa5 Qxa5 14. Qe2
b4 15. Nd1 Rfe8 16. c4 exf4 17. Bxf4 Bf8 18. Nf2 Nd7 19. Qc2 Ne5 20. Be2
Re6 1/2-1/2

[Event "Twente Young Masters"]
[Site "Enschede NED"]
[Date "2010.08.10"]
[Round "3"]
[White "Maenhout,T"]
[Black "Popilski,G"]
[Result "1-0"]
[WhiteElo "2363"]
[BlackElo "2451"]
[EventDate "2010.08.09"]

1. e4 c5 2. Nf3 d6 3. d4 Nf6 4. Nc3 cxd4 5. Nxd4 a6 6. h3 e6 7. g4 Be7 8.
Bg2 Nfd7 9. Be3 Nc6 10. Qe2 O-O 11. O-O-O Nxd4 12. Bxd4 Qc7 13. f4 Rb8 14.
Ba7 Ra8 15. Bd4 Re8 16. h4 b5 17. a3 Rb8 18. g5 b4 19. axb4 Rxb4 20. g6
fxg6 21. h5 Qa5 22. hxg6 h6 23. Nb1 Nc5 24. Bc3 Qc7 25. Rde1 Ra4 26. b3 Ra2
27. Qc4 Bd7 28. Rh5 Bb5 29. Rxc5 Qd7 30. Rc7 Bxc4 31. Rxd7 Bxb3 32. cxb3
Rxg2 33. f5 e5 34. Nd2 Bg5 35. Rxd6 Rc8 36. Kb2 h5 37. Rh1 h4 38. Rh3 1-0

[Event "Twente Young Masters"]
[Site "Enschede NED"]
[Date "2010.08.10"]
[Round "3"]
[White "Ootes,La"]
[Black "Van Assendelft,F"]
[Result "1-0"]
[WhiteElo "2315"]
[BlackElo "2374"]
[EventDate "2010.08.09"]

1. e4 c5 2. Nf3 d6 3. d4 cxd4 4. Nxd4 Nf6 5. Nc3 a6 6. Bg5 e6 7. f4 Qb6 8.
Qd3 Qxb2 9. Rb1 Qa3 10. f5 Nc6 11. fxe6 fxe6 12. Nxc6 bxc6 13. Be2 Be7 14.
Bh5+ g6 15. e5 dxe5 16. Bxg6+ hxg6 17. Bxf6 Bxf6 18. Qxg6+ Kd7 19. O-O Be7
20. Ne4 Qe3+ 21. Kh1 Qh6 22. Rbd1+ Kc7 23. Qxh6 Rxh6 24. Rf7 Rh4 25. Rxe7+
Kb6 26. Rb1+ Ka5 27. Nd2 Ka4 28. c3 Ka3 29. g3 Rh8 30. Nc4+ Kxa2 31. Rb2+
1-0

[Event "Twente Young Masters"]
[Site "Enschede NED"]
[Date "2010.08.11"]
[Round "4"]
[White "Kleijn,C"]
[Black "Kravtsiv,M"]
[Result "1/2-1/2"]
[WhiteElo "2424"]
[BlackElo "2559"]
[EventDate "2010.08.09"]

1. e4 e5 2. Nf3 Nc6 3. Bb5 a6 4. Ba4 Nf6 5. O-O Be7 6. Re1 b5 7. Bb3 d6 8.
c3 O-O 9. h3 Na5 10. Bc2 c5 11. d4 Nd7 12. Nbd2 cxd4 13. cxd4 Nc6 14. Nb3
a5 15. Be3 a4 16. Nc1 exd4 17. Nxd4 Nxd4 18. Bxd4 Ne5 19. Nd3 Nc6 20. Bc3
Bf6 21. e5 Nxe5 22. Nxe5 dxe5 23. Bxe5 Qxd1 24. Raxd1 Be6 25. Bxf6 gxf6 26.
a3 Rfc8 27. Re2 Rab8 28. Rd4 Rc4 29. Rxc4 Bxc4 30. Rd2 b4 31. Bxa4 bxa3 32.
bxa3 Ra8 33. Bc2 Rxa3 1/2-1/2

[Event "Twente Young Masters"]
[Site "Enschede NED"]
[Date "2010.08.11"]
[Round "4"]
[White "Van Kampen,R"]
[Black "Maenhout,T"]
[Result "1/2-1/2"]
[WhiteElo "2422"]
[BlackElo "2363"]
[EventDate "2010.08.09"]

1. e4 c5 2. Nf3 e6 3. d4 cxd4 4. Nxd4 Nf6 5. Nc3 Nc6 6. Nxc6 bxc6 7. e5 Nd5
8. Ne4 Qc7 9. f4 Qb6 10. c4 Bb4+ 11. Ke2 f5 12. exf6 Nxf6 13. Be3 Qd8 14.
Nd6+ Bxd6 15. Qxd6 Bb7 16. Kd1 c5 17. Bd3 Rc8 18. Bxc5 Bxg2 19. Rg1 Be4 20.
b4 Kf7 21. Bxe4 Nxe4 22. Qd4 Nf6 23. Bd6 Qb6 24. c5 Qc6 25. Be5 Rhg8 26.
Ke1 a5 27. a3 Ra8 28. Rd1 Nd5 29. f5 axb4 30. fxe6+ dxe6 31. Rf1+ Ke8 32.
axb4 Ra4 33. Qf2 Qb7 34. Rxd5 exd5 35. Bc3 Qe7+ 36. Kd1 Rf8 37. Qxf8+ Qxf8
38. Rxf8+ Kxf8 39. b5 Ke8 40. b6 Kd7 41. b7 Kc7 42. c6 Re4 43. Ba5+ Kb8 44.
Be1 Rd4+ 45. Ke2 Re4+ 46. Kd2 Rd4+ 1/2-1/2

[Event "Twente Young Masters"]
[Site "Enschede NED"]
[Date "2010.08.11"]
[Round "4"]
[White "Zherebukh,Y"]
[Black "Van Assendelft,F"]
[Result "1-0"]
[WhiteElo "2572"]
[BlackElo "2374"]
[EventDate "2010.08.09"]

1. e4 c5 2. Nf3 d6 3. d4 cxd4 4. Nxd4 Nf6 5. Nc3 a6 6. h3 e6 7. g4 b5 8.
Bg2 Bb7 9. O-O Qc7 10. g5 Nfd7 11. a4 bxa4 12. Rxa4 Be7 13. f4 Nc6 14. Nf5
exf5 15. Nd5 Qd8 16. exf5 Nb6 17. Ra3 Nxd5 18. Bxd5 Nb4 19. Bxb7 Qb6+ 20.
Kh2 Qxb7 21. f6 gxf6 22. gxf6 Rc8 23. c3 Rg8 24. Qe2 Rc4 25. Re1 Nd3 26.
Qxe7+ Qxe7 27. Rxe7+ Kd8 28. Be3 Rc6 29. Rb3 Nc5 30. Rb8+ Rc8 31. Rb6 Ne6
32. Rxd6+ 1-0

[Event "Twente Young Masters"]
[Site "Enschede NED"]
[Date "2010.08.11"]
[Round "5"]
[White "Kravtsiv,M"]
[Black "Miedema,David"]
[Result "1/2-1/2"]
[WhiteElo "2559"]
[BlackElo "2414"]
[EventDate "2010.08.09"]

1. e4 e5 2. Nf3 Nf6 3. Nxe5 d6 4. Nf3 Nxe4 5. d4 d5 6. Bd3 Bd6 7. O-O O-O
8. c4 c6 9. Nc3 Nxc3 10. bxc3 Bg4 11. Rb1 dxc4 12. Bxc4 b5 13. Bd3 Nd7 14.
h3 Bh5 15. Be4 Rc8 16. Qd3 Bg6 17. Bxg6 hxg6 18. c4 bxc4 19. Qxc4 Nb6 20.
Qa6 Rc7 21. Ba3 Bxa3 22. Qxa3 Re8 23. Rbc1 Re6 24. Rfe1 Rxe1+ 25. Rxe1 Nd5
26. Qa5 Qb8 27. g3 Qc8 28. Kg2 f6 29. Qc5 Qd7 30. a4 Ne7 31. a5 Kf7 32. a6
Qf5 33. Re2 Qd3 34. Ra2 Rd7 35. Ra3 Qb5 36. Qc2 Nf5 37. Qc3 Rd5 38. Ra2 Ne7
39. Nd2 c5 40. dxc5 Rxc5 41. Qf3 Rf5 42. Qb7 Qd5+ 43. Qxd5+ Rxd5 44. h4 Rb5
45. Nc4 Rb4 46. Nd6+ Ke6 47. Nb7 Rb5 48. Rc2 Ke5 1/2-1/2

[Event "Twente Young Masters"]
[Site "Enschede NED"]
[Date "2010.08.11"]
[Round "5"]
[White "Maenhout,T"]
[Black "Kleijn,C"]
[Result "0-1"]
[WhiteElo "2363"]
[BlackElo "2424"]
[EventDate "2010.08.09"]

1. c4 Nf6 2. Nc3 e5 3. g3 Nc6 4. Bg2 Bc5 5. d3 d6 6. Nf3 a6 7. O-O h6 8. a3
O-O 9. b4 Ba7 10. Bb2 Be6 11. Nd2 Qd7 12. Nd5 Ne8 13. Nb3 Nd8 14. d4 c6 15.
Ne3 exd4 16. Nxd4 Bh3 17. Bxh3 Qxh3 18. Ndf5 Ne6 19. Qd3 Rd8 20. Rad1 Bxe3
21. fxe3 Rd7 22. e4 g6 23. Nh4 Ng5 24. Qc3 Kh7 25. e5 d5 26. cxd5 cxd5 27.
Bc1 Ng7 28. Rf6 Ne4 29. Qe3 Nxf6 30. Qxh6+ Kg8 31. exf6 Ne6 32. Rd3 Rc8 33.
Bd2 Qg4 34. Re3 Qd4 35. Nxg6 Qxf6 36. Bc3 d4 0-1

[Event "Twente Young Masters"]
[Site "Enschede NED"]
[Date "2010.08.11"]
[Round "5"]
[White "Ootes,La"]
[Black "Van Kampen,R"]
[Result "0-1"]
[WhiteElo "2315"]
[BlackElo "2422"]
[EventDate "2010.08.09"]

1. e4 c5 2. Nf3 d6 3. d4 cxd4 4. Nxd4 Nf6 5. Nc3 a6 6. Bg5 e6 7. f4 Nbd7 8.
Qf3 Qc7 9. O-O-O b5 10. Bd3 Bb7 11. Rhe1 Qb6 12. Nd5 Qxd4 13. Bxf6 gxf6 14.
Bxb5 Qc5 15. b4 Qxb5 16. Nc7+ Ke7 17. Nxb5 axb5 18. Qd3 Ra6 19. Qxb5 Rb6
20. Qd3 Bh6 21. g3 Rc8 22. a3 Ne5 23. Qd4 Nc4 24. Rd3 e5 25. Qf2 Ra6 26.
Qf3 Rca8 27. Ree3 Nxe3 28. Qxe3 Rc6 29. Kb2 Rac8 30. c3 R8c7 31. a4 Bf8 32.
Kb3 Rc4 33. Qb6 Kd7 34. Qb5+ Bc6 35. Kxc4 Bxb5+ 36. Kxb5 f5 37. exf5 e4 38.
Re3 d5 39. f6 Rb7+ 40. Ka5 Kc6 41. Ka6 Rb6+ 42. Ka7 Bd6 43. a5 Rb7+ 44. Ka8
Rc7 45. Re1 Kb5 46. Rd1 Ka6 47. b5+ Kxb5 48. Rxd5+ Kc6 0-1

[Event "Twente Young Masters"]
[Site "Enschede NED"]
[Date "2010.08.11"]
[Round "5"]
[White "Van Assendelft,F"]
[Black "Popilski,G"]
[Result "0-1"]
[WhiteElo "2374"]
[BlackElo "2451"]
[EventDate "2010.08.09"]

1. e4 c5 2. Nf3 d6 3. d4 Nf6 4. Nc3 cxd4 5. Nxd4 a6 6. Bg5 e6 7. f4 Nbd7 8.
Qf3 Qc7 9. O-O-O b5 10. Bd3 Bb7 11. Rhe1 Qb6 12. Nd5 Qxd4 13. Bxf6 gxf6 14.
Bxb5 Qc5 15. b4 Qxb5 16. Nc7+ Ke7 17. Nxb5 axb5 18. Qd3 Ra6 19. Qxb5 Rb6
20. Qd3 Bh6 21. g3 Ra8 22. e5 Nxe5 23. Qxh7 Rxa2 24. Kb1 Ra3 25. c3 Nc4 26.
Rxe6+ Kxe6 27. Re1+ Ne5 28. fxe5 Bd2 29. Re2 Bxc3 30. Qh3+ Kd5 31. Qg2+ Kc4
32. Re4+ Bxe4+ 33. Qxe4+ Bd4 34. Kc2 d5 35. Qf5 Rxb4 0-1

[Event "Twente Young Masters"]
[Site "Enschede NED"]
[Date "2010.08.12"]
[Round "6"]
[White "Iotov,V"]
[Black "Kravtsiv,M"]
[Result "1/2-1/2"]
[WhiteElo "2581"]
[BlackElo "2559"]
[EventDate "2010.08.09"]

1. e4 e5 2. Nf3 Nc6 3. Nc3 Nf6 4. Bb5 Bb4 5. O-O O-O 6. d3 d6 7. Bg5 Bxc3
8. bxc3 Qe7 9. Re1 Nd8 10. d4 Ne6 11. Bd2 c5 12. Bc4 Nc7 13. a4 Rb8 14. Nh4
cxd4 15. cxd4 exd4 16. Bg5 Qe5 17. Nf3 Qc5 18. Bxf6 gxf6 19. Qxd4 Qxd4 20.
Nxd4 Be6 21. Bb3 Rfd8 22. Rad1 Kf8 23. Re3 Bxb3 24. cxb3 d5 25. e5 fxe5 26.
Rxe5 Rd7 27. Rh5 f6 28. Rh6 Rf7 29. Nf5 Rd8 30. g3 Ne6 31. Re1 Nc7 32. Nd4
Re8 33. Rc1 Ne6 34. Nb5 Rd8 35. Re1 Nc5 36. Nd4 Re8 37. Rd1 a5 38. Kg2 b6
39. Rh5 Rd7 40. Rh6 Rf7 41. h4 Kg8 42. Nc6 Nxb3 43. Rxd5 Nc5 44. Nxa5 Re4
45. Nc6 Rxa4 46. Rd8+ Kg7 47. Rh5 Rd7 48. Rxd7+ Nxd7 49. Rd5 Nc5 50. Nd4
Ra2 51. Kf3 Kf7 52. Nf5 Ke6 53. Ne3 Kf7 1/2-1/2

[Event "Twente Young Masters"]
[Site "Enschede NED"]
[Date "2010.08.12"]
[Round "6"]
[White "Kleijn,C"]
[Black "Ootes,La"]
[Result "1/2-1/2"]
[WhiteElo "2424"]
[BlackElo "2315"]
[EventDate "2010.08.09"]

1. e4 d6 2. d4 Nf6 3. Nc3 g6 4. Be3 a6 5. Be2 Bg7 6. f4 O-O 7. Bf3 e5 8.
dxe5 dxe5 9. Qxd8 Rxd8 10. fxe5 Nfd7 11. O-O-O Re8 12. Nd5 Bxe5 13. Bg5 f6
14. Bh6 c6 15. Ne3 Bc7 16. Ng4 Kf7 17. Nh3 Ne5 18. Nxf6 Kxf6 19. Rhf1 Kf7
20. Ng5+ Kg8 21. Be2 Bd8 22. Bc4+ Nxc4 23. Rxd8 Rxd8 24. Rf7 Ne5 25. Rg7+
Kh8 26. Rxh7+ Kg8 27. Rg7+ Kh8 28. Rh7+ 1/2-1/2

[Event "Twente Young Masters"]
[Site "Enschede NED"]
[Date "2010.08.12"]
[Round "6"]
[White "Miedema,David"]
[Black "Maenhout,T"]
[Result "0-1"]
[WhiteElo "2414"]
[BlackElo "2363"]
[EventDate "2010.08.09"]

1. d4 Nf6 2. c4 c5 3. d5 b5 4. cxb5 a6 5. bxa6 g6 6. Nc3 Bxa6 7. Nf3 Bg7 8.
e4 Bxf1 9. Kxf1 d6 10. g3 Nbd7 11. Kg2 O-O 12. Re1 Qa5 13. e5 Ng4 14. exd6
exd6 15. Bf4 Rfb8 16. Qd2 Nge5 17. Nxe5 Nxe5 18. Re4 Rb4 19. Rae1 Rab8 20.
b3 Rd4 21. Qc2 Qa8 22. Rxd4 cxd4 23. Na4 d3 24. Qd1 Qxd5+ 25. f3 Rc8 26.
Rf1 Rc6 27. Rf2 g5 28. Bxg5 Ng4 29. Rd2 Qxg5 30. fxg4 Qxd2+ 0-1

[Event "Twente Young Masters"]
[Site "Enschede NED"]
[Date "2010.08.12"]
[Round "6"]
[White "Van Kampen,R"]
[Black "Van Assendelft,F"]
[Result "1-0"]
[WhiteElo "2422"]
[BlackElo "2374"]
[EventDate "2010.08.09"]

1. e4 e6 2. d4 d5 3. Nd2 Nf6 4. e5 Nfd7 5. Bd3 c5 6. c3 Nc6 7. Ne2 Qb6 8.
Nf3 cxd4 9. cxd4 f6 10. exf6 Nxf6 11. O-O Bd6 12. Bf4 Bxf4 13. Nxf4 O-O 14.
Qd2 Qc7 15. g3 Bd7 16. Rfe1 Rae8 17. Rac1 Ng4 18. h3 Nh6 19. Ng5 Rxf4 20.
Bxh7+ Kh8 21. Qxf4 Qxf4 22. gxf4 Rf8 23. Bb1 Nf5 24. Nxe6 Bxe6 25. Rxe6
Ncxd4 26. Bxf5 1-0

[Event "Twente Young Masters"]
[Site "Enschede NED"]
[Date "2010.08.13"]
[Round "7"]
[White "Kravtsiv,M"]
[Black "Zherebukh,Y"]
[Result "1/2-1/2"]
[WhiteElo "2559"]
[BlackElo "2572"]
[EventDate "2010.08.09"]

1. e4 e5 2. Nf3 Nc6 3. Bb5 Nf6 4. d3 Bc5 5. Be3 Bxe3 6. fxe3 Ne7 7. Ba4 O-O
8. Nc3 d5 9. exd5 Nexd5 10. Nxd5 Nxd5 11. Qd2 Be6 12. Bb3 f6 13. O-O Qd7
14. e4 Ne7 15. Qe3 1/2-1/2

[Event "Twente Young Masters"]
[Site "Enschede NED"]
[Date "2010.08.13"]
[Round "7"]
[White "Ootes,La"]
[Black "Miedema,David"]
[Result "1-0"]
[WhiteElo "2315"]
[BlackElo "2414"]
[EventDate "2010.08.09"]

1. e4 e5 2. Nf3 Nc6 3. Bb5 Nge7 4. O-O g6 5. c3 Bg7 6. d4 exd4 7. cxd4 a6
8. Ba4 b5 9. Bb3 d6 10. h3 O-O 11. Bg5 h6 12. Bf4 Bb7 13. Qd2 g5 14. Be3 d5
15. e5 Nf5 16. a4 b4 17. Bc2 Bc8 18. Qd3 f6 19. exf6 Qxf6 20. Nbd2 Rf7 21.
Nb3 Nd6 22. Qh7+ Kf8 23. Ne5 Bf5 24. Bxf5 Nxe5 25. Bc2 Nec4 26. Nc5 Nf5 27.
Rae1 Re8 28. Qxf5 Qxf5 29. Bxf5 Rxf5 30. b3 Na5 31. Rb1 Ke7 32. Nxa6 Kd6
33. Rfc1 c6 34. Rc5 Nb7 35. Rc2 Na5 36. Bd2 Bxd4 37. Bxb4+ c5 38. Bxc5+
Bxc5 39. Nxc5 d4 40. b4 Nc6 41. Nd3 Ra8 42. b5 Ne5 43. Rc5 Rxa4 44. b6 Ra8
45. b7 Rb8 46. Nxe5 Rxe5 47. Rc8 1-0

[Event "Twente Young Masters"]
[Site "Enschede NED"]
[Date "2010.08.13"]
[Round "8"]
[White "Iotov,V"]
[Black "Ootes,La"]
[Result "1/2-1/2"]
[WhiteElo "2581"]
[BlackElo "2315"]
[EventDate "2010.08.09"]

1. d4 d6 2. Nf3 Nf6 3. c4 g6 4. Nc3 Bg7 5. e4 O-O 6. Be2 Nbd7 7. O-O e5 8.
Be3 Re8 9. d5 Nh5 10. g3 Bf8 11. Ne1 Ng7 12. Nd3 f5 13. f3 Be7 14. Qd2 Rf8
15. b4 Nf6 16. Kg2 h5 17. c5 1/2-1/2

[Event "Twente Young Masters"]
[Site "Enschede NED"]
[Date "2010.08.13"]
[Round "8"]
[White "Zherebukh,Y"]
[Black "Van Kampen,R"]
[Result "1-0"]
[WhiteElo "2572"]
[BlackElo "2422"]
[EventDate "2010.08.09"]

1. e4 c5 2. Nf3 d6 3. c3 Nf6 4. h3 g6 5. Bd3 Bg7 6. Bc2 e5 7. d3 Nc6 8. Bg5
h6 9. Bxf6 Qxf6 10. Nbd2 Qd8 11. Nc4 O-O 12. Bb3 Kh8 13. g4 f5 14. Rg1 b5
15. Ne3 fxe4 16. dxe4 c4 17. Bc2 Be6 18. g5 Ne7 19. a3 Qb6 20. Qe2 a5 21.
Nh4 Bf7 22. Nd5 Bxd5 23. exd5 hxg5 24. Rxg5 Rf6 25. Nxg6+ Nxg6 26. Rxg6
Rxg6 27. Bxg6 Qd8 28. Qh5+ Kg8 29. Ke2 Qf6 30. Rg1 Ra7 31. Rg5 1-0

[Event "Twente Young Masters"]
[Site "Enschede NED"]
[Date "2010.08.13"]
[Round "8"]
[White "Miedema,David"]
[Black "Van Assendelft,F"]
[Result "1-0"]
[WhiteElo "2414"]
[BlackElo "2374"]
[EventDate "2010.08.09"]

1. d4 Nf6 2. c4 c5 3. d5 b5 4. cxb5 a6 5. bxa6 Bxa6 6. Nc3 d6 7. Nf3 g6 8.
g3 Bg7 9. e4 Bxf1 10. Kxf1 Nbd7 11. Kg2 O-O 12. Re1 Qa5 13. h3 Rfb8 14. Qc2
Ne8 15. a4 Nc7 16. Bd2 Qb6 17. Reb1 Qb3 18. Qd3 c4 19. Qe2 Nc5 20. Ra3 Qb7
21. Qxc4 Nb3 22. Rxb3 Qxb3 23. Qxc7 Rc8 24. Qxe7 Bxc3 25. Ng5 Bg7 26. Qxf7+
Kh8 27. Ne6 Be5 28. Bf4 Bd4 29. Nxd4 Qd3 30. Bg5 Rf8 31. Bf6+ 1-0

[Event "Twente Young Masters"]
[Site "Enschede NED"]
[Date "2010.08.13"]
[Round "8"]
[White "Kravtsiv,M"]
[Black "Maenhout,T"]
[Result "1-0"]
[WhiteElo "2559"]
[BlackElo "2363"]
[EventDate "2010.08.09"]

1. e4 c5 2. Nf3 e6 3. d4 cxd4 4. Nxd4 Nf6 5. Nc3 Nc6 6. Ndb5 Bc5 7. Nd6+
Ke7 8. Nxc8+ Rxc8 9. Bd3 a6 10. O-O Qc7 11. Kh1 d6 12. f4 h5 13. Qe1 Rcg8
14. Be3 Bxe3 15. Qxe3 Ng4 16. Qg1 g5 17. Ne2 Qa5 18. b4 Nxb4 19. Rab1 Rb8
20. fxg5 Nc6 21. h3 b5 22. Nd4 Qb6 23. Nxc6+ Qxc6 24. a4 Ne5 25. axb5 axb5
26. Qf2 Kd7 27. Be2 b4 28. Ra1 Rb7 29. Qf6 Rh7 30. Ra8 Qc7 31. Rd1 Kc6 32.
Rda1 h4 33. R1a6+ Rb6 34. R8a7 Qc8 35. g6 fxg6 36. Rxb6+ Kxb6 37. Rxh7 Qxc2
38. Qd8+ 1-0

[Event "Twente Young Masters"]
[Site "Enschede NED"]
[Date "2010.08.13"]
[Round "8"]
[White "Kleijn,C"]
[Black "Popilski,G"]
[Result "1/2-1/2"]
[WhiteElo "2424"]
[BlackElo "2451"]
[EventDate "2010.08.09"]

1. e4 c5 2. Nf3 d6 3. d4 Nf6 4. Nc3 cxd4 5. Nxd4 a6 6. Bg5 e6 7. f4 Nbd7 8.
Qf3 Qc7 9. O-O-O b5 10. e5 Bb7 11. Qh3 dxe5 12. Nxe6 fxe6 13. Qxe6+ Be7 14.
Bxf6 gxf6 15. Bxb5 axb5 16. Nxb5 Qc6 17. Nd6+ Qxd6 18. Rxd6 Nc5 19. Qf5 Be4
20. Qh5+ Bg6 21. Qd1 Rxa2 22. Kb1 Ra5 23. Rb6 O-O 24. b4 Na4 25. bxa5 Nc3+
26. Ka1 Nxd1 27. Rxd1 Bc5 28. Rc6 Bxc2 29. Rd2 Bd4+ 30. Rxd4 exd4 31. Rxc2
d3 32. Rd2 Ra8 33. Rxd3 Rxa5+ 1/2-1/2

[Event "Twente Young Masters"]
[Site "Enschede NED"]
[Date "2010.08.14"]
[Round "9"]
[White "Maenhout,T"]
[Black "Zherebukh,Y"]
[Result "1/2-1/2"]
[WhiteElo "2363"]
[BlackElo "2572"]
[EventDate "2010.08.09"]

1. e4 c5 2. Nf3 d6 3. d4 cxd4 4. Nxd4 Nf6 5. Nc3 a6 6. h3 e5 7. Nde2 b5 8.
g4 Bb7 9. Bg2 Be7 10. Ng3 g6 11. a3 Nfd7 12. O-O O-O 13. Bh6 Re8 14. Qd2
Nc6 15. Nd5 Bh4 16. Be3 Ne7 17. a4 Bxd5 18. exd5 f5 19. Bg5 Bxg5 20. Qxg5
bxa4 1/2-1/2

[Event "Twente Young Masters"]
[Site "Enschede NED"]
[Date "2010.08.14"]
[Round "9"]
[White "Van Kampen,R"]
[Black "Kleijn,C"]
[Result "1/2-1/2"]
[WhiteElo "2422"]
[BlackElo "2424"]
[EventDate "2010.08.09"]

1. e4 c5 2. Nf3 d6 3. d4 cxd4 4. Nxd4 Nf6 5. Nc3 a6 6. Be3 e5 7. Nf3 Be7 8.
Bc4 O-O 9. O-O Nc6 10. Bg5 Na5 11. Bb3 Nxb3 12. axb3 Be6 13. Qe2 Ne8 14.
Be3 Nc7 15. Rfd1 Qe8 16. Bb6 Rc8 17. Bxc7 Rxc7 18. Nd5 Rc6 19. Rd2 Bd8 20.
Rad1 Rc8 21. Ne3 Qc6 22. Qd3 Ba5 23. Re2 Rfd8 24. Ng5 h6 25. Nxe6 fxe6 26.
Nc4 1/2-1/2

[Event "Twente Young Masters"]
[Site "Enschede NED"]
[Date "2010.08.14"]
[Round "9"]
[White "Popilski,G"]
[Black "Miedema,David"]
[Result "1-0"]
[WhiteElo "2451"]
[BlackElo "2414"]
[EventDate "2010.08.09"]

1. e4 e5 2. Nf3 Nc6 3. Bb5 Nge7 4. O-O g6 5. c3 Bg7 6. d4 exd4 7. cxd4 a6
8. Ba4 b5 9. Bc2 d6 10. d5 Na5 11. Nbd2 O-O 12. Rb1 c6 13. b4 Nc4 14. Nxc4
bxc4 15. dxc6 Nxc6 16. Qd5 Qc7 17. Bf4 Rd8 18. Ba4 Bb7 19. Qxc4 Rac8 20.
Rfc1 Qb8 21. Qe2 Qa8 22. Rc4 Ne5 23. Bxe5 Rxc4 24. Bxg7 Bxe4 25. Qxc4 Bxb1
26. Bb2 Qe4 27. Qc3 1-0